[Event "XXIV Festival A"]
[Site "Arco ITA"]
[Date "2002.10.26"]
[Round "9"]
[White "De Napoli, Giuseppe"]
[Black "Schaefer, Michael"]
[Result "1/2-1/2"]
[WhiteElo "1861"]
[BlackElo "2186"]
[PlyCount "27"]
[EventDate "2002.10.18"]

1. d4 Nf6 2. Nf3 g6 3. c4 Bg7 4. Nc3 d5 5. e3 O-O 6. Bd2 b6 7. Be2 Bb7 8. cxd5
Nxd5 9. Nxd5 Bxd5 10. Bc3 Nd7 11. O-O c5 12. dxc5 Bxc3 13. Qxd5 Bxb2 14. Rab1
1/2-1/2

[Event "XXIV Festival A"]
[Site "Arco ITA"]
[Date "2002.10.26"]
[Round "9"]
[White "Dervishi, Erald"]
[Black "Scalcione, Michelangelo"]
[Result "1-0"]
[WhiteElo "2513"]
[BlackElo "2366"]
[PlyCount "53"]
[EventDate "2002.10.18"]

1. e4 e5 2. Nf3 d6 3. d4 exd4 4. Nxd4 Nf6 5. Nc3 Be7 6. Be2 O-O 7. O-O Re8 8.
f4 Bf8 9. Bf3 c5 10. Nb3 Nc6 11. Re1 a5 12. a4 Be6 13. Be3 Qb6 14. Kh1 Nb4 15.
f5 Bd7 16. Bg5 Bxf5 17. Bxf6 gxf6 18. exf5 Rxe1+ 19. Qxe1 Nxc2 20. Qg3+ Kh8 21.
Rc1 Ne3 22. Nb5 d5 23. Qc7 Qxc7 24. Nxc7 Rd8 25. Nxd5 Nxf5 26. Nxc5 Nd4 27.
Nxb7 1-0

[Event "XXIV Festival A"]
[Site "Arco ITA"]
[Date "2002.10.26"]
[Round "9"]
[White "Di Lazzaro, Gabriele"]
[Black "Fontanari, Maurizio"]
[Result "0-1"]
[WhiteElo "1985"]
[BlackElo "2034"]
[PlyCount "88"]
[EventDate "2002.10.18"]

1. e4 c5 2. c3 Nf6 3. e5 Nd5 4. d4 cxd4 5. Nf3 d6 6. cxd4 e6 7. Nc3 Nxc3 8.
bxc3 Nc6 9. exd6 Bxd6 10. Bd3 Bd7 11. O-O Qa5 12. Rb1 Nd8 13. Qe2 Qh5 14. c4
Nc6 15. Rb5 e5 16. dxe5 Nxe5 17. Rd5 Bb8 18. Rxe5+ Bxe5 19. Qxe5+ Qxe5 20. Nxe5
Be6 21. Ba3 O-O-O 22. Be7 f6 23. Bxd8 Rxd8 24. Bxh7 fxe5 25. Rc1 Rd4 26. f3
Bxc4 27. Bg8 b5 28. a4 a6 29. axb5 axb5 30. Rc2 Kb7 31. Bh7 b4 32. Kf2 Kb6 33.
g4 Bd3 34. Bxd3 Rxd3 35. Ke2 Rd4 36. Rd2 Kc5 37. h4 Kc4 38. h5 Kc3 39. Ra2 b3
40. Ra8 b2 41. Rc8+ Kb3 42. Rb8+ Kc3 43. Rg8 b1=Q 44. Rxg7 Qc2+ 0-1

[Event "XXIV Festival A"]
[Site "Arco ITA"]
[Date "2002.10.26"]
[Round "9"]
[White "Diotallevi, Maurizio"]
[Black "Benaglia, Giovanni"]
[Result "1-0"]
[WhiteElo "2094"]
[BlackElo "1801"]
[PlyCount "83"]
[EventDate "2002.10.18"]

1. d4 d5 2. c4 e6 3. Nc3 Nf6 4. Bg5 Nbd7 5. cxd5 exd5 6. e3 Be7 7. Qc2 c6 8.
Bd3 O-O 9. Nf3 Re8 10. h3 Nf8 11. Bf4 Bd6 12. Bxd6 Qxd6 13. O-O g6 14. Rab1 a5
15. Rfc1 Nh5 16. a3 Ng7 17. b4 axb4 18. axb4 Bf5 19. b5 Bxd3 20. Qxd3 Nf5 21.
bxc6 bxc6 22. Qc2 Ne6 23. Na4 Ne7 24. Ne5 f6 25. Nd3 Reb8 26. Nac5 Nd8 27. Rxb8
Rxb8 28. Ra1 Nc8 29. Nf4 Kg7 30. Qe2 Qe7 31. Qg4 f5 32. Qg3 Nd6 33. Nfd3 N8f7
34. Ra6 Rc8 35. Qf3 Ne4 36. Qd1 Nxc5 37. Nxc5 Nd6 38. Qa4 Qe8 39. Ra7+ Kh6 40.
Qd1 Nc4 41. Qf3 Qd8 42. Qf4+ 1-0

[Event "XXIV Festival A"]
[Site "Arco ITA"]
[Date "2002.10.26"]
[Round "9"]
[White "Drasko, Milan"]
[Black "Blagojevic, Dragisa"]
[Result "1/2-1/2"]
[WhiteElo "2477"]
[BlackElo "2537"]
[PlyCount "21"]
[EventDate "2002.10.18"]

1. d4 d5 2. c4 e6 3. Nc3 Nf6 4. cxd5 exd5 5. Bg5 Be7 6. e3 c6 7. Qc2 Nbd7 8.
Bd3 O-O 9. Nf3 Re8 10. O-O Nf8 11. Rab1 1/2-1/2

[Event "XXIV Festival A"]
[Site "Arco ITA"]
[Date "2002.10.26"]
[Round "9"]
[White "Giancotti, Eraldo"]
[Black "Blasco, Domenico"]
[Result "0-1"]
[WhiteElo "1811"]
[BlackElo "2056"]
[PlyCount "96"]
[EventDate "2002.10.18"]

1. d4 Nf6 2. Bg5 c5 3. Bxf6 exf6 4. Nc3 cxd4 5. Qxd4 Nc6 6. Qe4+ Be7 7. e3 g6
8. O-O-O f5 9. Qd5 O-O 10. Nf3 d6 11. h4 Be6 12. Qd2 Qa5 13. Kb1 Rfd8 14. Nd5
Qxd5 15. Qxd5 Bxd5 16. Rxd5 Ne5 17. Ne1 h5 18. Bb5 Rac8 19. Ba4 Rc4 20. Rd4
Rxd4 21. exd4 Ng4 22. Nd3 Rc8 23. Bb3 Rc7 24. g3 Bf6 25. c3 Re7 26. Bd1 Bg7 27.
Kc2 Bh6 28. Bf3 b6 29. a4 Kf8 30. a5 b5 31. Kb3 a6 32. Bxg4 hxg4 33. Re1 Rxe1
34. Nxe1 f4 35. Nd3 fxg3 36. fxg3 f5 37. Ne1 Be3 38. Nd3 Ke7 39. Kc2 Ke6 40.
Kd1 Kd5 41. Ke2 Ke4 42. Nb4 f4 43. Nc2 f3+ 44. Kf1 Bc1 45. b3 Bb2 46. c4 bxc4
47. b4 Kd3 48. b5 Kxc2 0-1

[Event "XXIV Festival A"]
[Site "Arco ITA"]
[Date "2002.10.26"]
[Round "9"]
[White "Haldemann, Paul"]
[Black "Allegranti, Luca"]
[Result "0-1"]
[WhiteElo "2205"]
[BlackElo "1858"]
[PlyCount "70"]
[EventDate "2002.10.18"]

1. d4 f5 2. g3 Nf6 3. Bg2 g6 4. c3 Bg7 5. Nd2 d5 6. Qb3 c6 7. Nh3 O-O 8. Nf4 g5
9. Nd3 Nbd7 10. Nf3 h6 11. h4 g4 12. Nfe5 Nxe5 13. Nxe5 Qe8 14. O-O Nh5 15. Nd3
Qf7 16. Bd2 b6 17. Rfc1 Ba6 18. Nb4 Bb7 19. e3 Rac8 20. c4 Nf6 21. Rc2 Ne4 22.
Be1 e6 23. Rac1 c5 24. dxc5 Nxc5 25. Qa3 a5 26. Nd3 Nxd3 27. Qxd3 dxc4 28. Qd6
Bxg2 29. Kxg2 Qb7+ 30. Kh2 Rc6 31. Qa3 Rfc8 32. Bc3 e5 33. Qa4 b5 34. Qxa5 Ra8
35. Qb4 Ra4 0-1

[Event "XXIV Festival A"]
[Site "Arco ITA"]
[Date "2002.10.26"]
[Round "9"]
[White "Jurkovic, Ante"]
[Black "Kloster, Josef"]
[Result "1-0"]
[WhiteElo "2340"]
[BlackElo "2164"]
[PlyCount "64"]
[EventDate "2002.10.18"]

1. e4 d5 2. exd5 Qxd5 3. Nc3 Qa5 4. d4 Nf6 5. Nf3 Bf5 6. Bd3 c6 7. O-O e6 8.
Ne5 Bxd3 9. Qxd3 Nbd7 10. Qg3 Nxe5 11. dxe5 Nd7 12. Bf4 g6 13. Ne4 Be7 14. Rfd1
h6 15. Qe3 g5 16. Bg3 O-O-O 17. a3 Qb6 18. Qf3 Rh7 19. b4 Qb5 20. Qe3 Qb6 21.
Qe2 Qc7 22. Qe3 Qb6 23. Rd4 Rhh8 24. Rad1 Nb8 25. h3 Rd5 26. c4 Rxd4 27. Rxd4
Nd7 28. c5 Qc7 29. f4 f5 30. exf6 Bxf6 31. Nxf6 Nxf6 32. fxg5 Nd5 1-0

[Event "XXIV Festival A"]
[Site "Arco ITA"]
[Date "2002.10.26"]
[Round "9"]
[White "Lovati, Paolo"]
[Black "Stinis, Steven"]
[Result "0-1"]
[WhiteElo "2097"]
[BlackElo "2053"]
[PlyCount "90"]
[EventDate "2002.10.18"]

1. c4 f5 2. g3 Nf6 3. Bg2 e5 4. Nc3 d6 5. d3 g6 6. Nf3 Bg7 7. O-O O-O 8. Bd2
Na6 9. Qc1 c6 10. Rb1 Nc7 11. c5 dxc5 12. Nxe5 Re8 13. Nf3 b6 14. Re1 Ba6 15.
Qc2 Qd7 16. Qb3+ Kh8 17. Qa4 Bb5 18. Qh4 Rad8 19. Nxb5 Nxb5 20. Bg5 Re6 21.
Rbc1 Rde8 22. a4 Nc7 23. Nd2 Rxe2 24. Rxe2 Rxe2 25. Bxf6 Rxd2 26. Re1 Ne8 27.
Qh6 Nxf6 28. Qxd2 Ng4 29. h3 Ne5 30. Qe2 h6 31. f4 Nxd3 32. Qe8+ Qxe8 33. Rxe8+
Kh7 34. b3 Nc1 35. Bxc6 Nxb3 36. Bb5 Nd2 37. Re7 c4 38. Rxa7 c3 39. Rc7 Kg8 40.
Rc6 Bd4+ 41. Kg2 Kg7 42. Bd3 h5 43. Bc2 Kf7 44. Rd6 Bc5 45. g4 Bxd6 0-1

[Event "XXIV Festival A"]
[Site "Arco ITA"]
[Date "2002.10.26"]
[Round "9"]
[White "Luciani, Carlo"]
[Black "Molnar, Bela"]
[Result "0-1"]
[WhiteElo "2227"]
[BlackElo "2404"]
[PlyCount "74"]
[EventDate "2002.10.18"]

1. e4 e6 2. d4 d5 3. Nd2 Nf6 4. e5 Nfd7 5. c3 c5 6. Bd3 Nc6 7. Ne2 cxd4 8. cxd4
f6 9. exf6 Nxf6 10. Nf3 Bd6 11. O-O Qc7 12. Bg5 O-O 13. Bh4 Nh5 14. Qc2 h6 15.
Bg6 Rxf3 16. gxf3 Bxh2+ 17. Kh1 Nf4 18. Ng3 Qb6 19. Be8 Nxd4 20. Qc3 e5 21. Bh5
Bxg3 22. Bxg3 Nxh5 23. Bxe5 Ne2 24. Qb3 Qe6 25. Bh2 Nhf4 26. Rg1 d4 27. Bxf4
Nxf4 28. Rge1 Qxb3 29. axb3 Bf5 30. Rec1 Rd8 31. Ra5 g6 32. Kh2 d3 33. Rac5 Ne2
34. Rd1 Kf7 35. Kg2 Bd7 36. Rd2 Kf6 37. b4 h5 0-1

[Event "XXIV Festival A"]
[Site "Arco ITA"]
[Date "2002.10.26"]
[Round "9"]
[White "Maneschi, Giuseppe"]
[Black "Knors, Rudi"]
[Result "1/2-1/2"]
[WhiteElo "1800"]
[BlackElo "2034"]
[PlyCount "58"]
[EventDate "2002.10.18"]

1. d4 c6 2. Nf3 d5 3. e3 Nf6 4. c4 e6 5. Nbd2 Be7 6. Bd3 O-O 7. O-O Nbd7 8. b3
b6 9. Bb2 Bb7 10. Qc2 h6 11. Rfe1 Rc8 12. e4 dxe4 13. Nxe4 c5 14. Rad1 cxd4 15.
Nxd4 Qc7 16. Nb5 Qb8 17. Ned6 Rcd8 18. Nxb7 Qxb7 19. Be2 a6 20. Bf3 Qb8 21. Nd4
Ne5 22. Nc6 Nxc6 23. Bxc6 Ng4 24. h3 Rxd1 25. Qxd1 Nf6 26. Qe2 Rc8 27. Bf3 b5
28. cxb5 axb5 29. Rc1 Rxc1+ 1/2-1/2

[Event "XXIV Festival A"]
[Site "Arco ITA"]
[Date "2002.10.26"]
[Round "9"]
[White "Okkes, Menno"]
[Black "Borgo, Giulio"]
[Result "0-1"]
[WhiteElo "2297"]
[BlackElo "2430"]
[PlyCount "68"]
[EventDate "2002.10.18"]

1. e4 d5 2. exd5 Qxd5 3. Nc3 Qd6 4. d4 Nf6 5. Nf3 a6 6. Be3 b5 7. a3 Bb7 8. Be2
Nbd7 9. Qd2 e6 10. b4 Nb6 11. O-O Qc6 12. Ne1 Nc4 13. Qc1 Bd6 14. Bf3 Qb6 15.
Bxb7 Qxb7 16. Nd3 O-O 17. Re1 Nd5 18. Nxd5 Qxd5 19. c3 a5 20. Nb2 Nb6 21. Qc2
Ra6 22. a4 axb4 23. cxb4 Nxa4 24. Nd3 Rfa8 25. Nf4 Rc6 26. Qd2 Bxf4 27. Bxf4
Rd8 28. Rac1 Rxc1 29. Qxc1 c6 30. Be5 f6 31. Bg3 Kf7 32. h3 Qc4 33. Qb1 h6 34.
Rc1 Nc3 0-1

[Event "XXIV Festival A"]
[Site "Arco ITA"]
[Date "2002.10.26"]
[Round "9"]
[White "Papp, Gabor"]
[Black "Dittmar, Peter"]
[Result "1/2-1/2"]
[WhiteElo "2375"]
[BlackElo "2320"]
[PlyCount "45"]
[EventDate "2002.10.18"]

1. Nf3 d5 2. e3 Nf6 3. c4 c6 4. b3 Bg4 5. Be2 e6 6. Bb2 Nbd7 7. Nc3 Bd6 8. h3
Bh5 9. O-O O-O 10. Rc1 Qe7 11. cxd5 Bxf3 12. Bxf3 exd5 13. Be2 Ba3 14. Bxa3
Qxa3 15. d4 Qe7 16. Qc2 Ne8 17. Bd3 g6 18. e4 dxe4 19. Bxe4 Nef6 20. Bf3 Nb6
21. Rfe1 Qd6 22. Rcd1 Rfe8 23. Ne4 1/2-1/2

[Event "XXIV Festival A"]
[Site "Arco ITA"]
[Date "2002.10.26"]
[Round "9"]
[White "Papp, Judit"]
[Black "Ketzscher, Roland"]
[Result "0-1"]
[WhiteElo "2138"]
[BlackElo "2197"]
[PlyCount "64"]
[EventDate "2002.10.18"]

1. e4 e6 2. d4 d5 3. Nc3 Bb4 4. e5 Ne7 5. Bd2 c5 6. Nb5 Bxd2+ 7. Qxd2 O-O 8. c3
Nbc6 9. f4 cxd4 10. Nxd4 Nxd4 11. cxd4 f6 12. exf6 Rxf6 13. Nf3 Bd7 14. Bd3 Qb6
15. g3 Bb5 16. O-O-O Bxd3 17. Qxd3 Nf5 18. Kb1 Nd6 19. Ng5 g6 20. h4 Nc4 21.
Rh2 Rc8 22. h5 h6 23. hxg6 hxg5 24. g7 Rh6 25. Rf2 Kxg7 26. fxg5 Rhh8 27. b3
Qb4 28. g6 Rcf8 29. Re2 Na3+ 30. Ka1 Rc8 31. Rxe6 Rh2 32. Rf1 Qxd4+ 0-1

[Event "XXIV Festival A"]
[Site "Arco ITA"]
[Date "2002.10.26"]
[Round "9"]
[White "Papp, Tamas"]
[Black "Antoniacci, Riccardo"]
[Result "1-0"]
[WhiteElo "2078"]
[BlackElo "1927"]
[PlyCount "65"]
[EventDate "2002.10.18"]

1. e4 c5 2. Nf3 Nc6 3. d4 cxd4 4. Nxd4 g6 5. c4 Bg7 6. Be3 Nf6 7. Nc3 Ng4 8.
Qxg4 Nxd4 9. Qd1 Ne6 10. Rc1 Qa5 11. Bd3 b6 12. a3 Bb7 13. O-O g5 14. Nb5 Bc6
15. b4 Qa6 16. Qb3 Bxb5 17. cxb5 Qb7 18. Bc4 Rc8 19. Bd5 Qb8 20. Bxe6 dxe6 21.
Bxg5 Rxc1 22. Rxc1 Be5 23. h3 Qb7 24. Qc2 f6 25. Qc8+ Qxc8 26. Rxc8+ Kd7 27.
Rxh8 fxg5 28. Ra8 Bf6 29. Rxa7+ Kc8 30. e5 Bxe5 31. Rxe7 Bb2 32. Rxe6 Bxa3 33.
Rxb6 1-0

[Event "XXIV Festival A"]
[Site "Arco ITA"]
[Date "2002.10.26"]
[Round "9"]
[White "Profaizer, Gino"]
[Black "Ruzzier, Dario"]
[Result "0-1"]
[WhiteElo "1902"]
[BlackElo "1996"]
[PlyCount "74"]
[EventDate "2002.10.18"]

1. d4 d5 2. c4 e6 3. Nc3 c5 4. cxd5 exd5 5. Nf3 Nc6 6. Bf4 Nf6 7. h3 Be7 8. e3
O-O 9. Bd3 Re8 10. O-O cxd4 11. exd4 Nb4 12. Nb5 Na6 13. Ne5 Be6 14. Qf3 Qb6
15. a4 Rec8 16. a5 Qd8 17. Nc3 Nb4 18. Bb1 Nc6 19. Nxc6 Rxc6 20. Bd3 a6 21. Ra4
Qd7 22. Rfa1 Bf5 23. g4 Bxd3 24. Qxd3 Re6 25. b4 Ne4 26. Nd1 Rc8 27. Qb3 Rc4
28. Be3 h5 29. f3 Ng5 30. Kg2 hxg4 31. hxg4 Qc7 32. R1a2 Rh6 33. Bg1 Ne6 34.
Rd2 Bg5 35. Ne3 Rc3 36. Nxd5 Rxb3 37. Nxc7 Bxd2 0-1

[Event "XXIV Festival A"]
[Site "Arco ITA"]
[Date "2002.10.26"]
[Round "9"]
[White "Ricci, Alfredo"]
[Black "Swinkels, Robin"]
[Result "1-0"]
[WhiteElo "2048"]
[BlackElo "2169"]
[PlyCount "159"]
[EventDate "2002.10.18"]

1. e4 e5 2. Nf3 Nc6 3. Bc4 Nf6 4. O-O Nxe4 5. d4 exd4 6. Re1 d5 7. Bxd5 Qxd5 8.
Nc3 Qa5 9. Rxe4+ Be6 10. Nxd4 O-O-O 11. Be3 Nxd4 12. Rxd4 Bc5 13. Qh5 Bb4 14.
Qxa5 Bxa5 15. Ne2 Bb6 16. Ra4 Bxe3 17. fxe3 Rd2 18. Nf4 Rxc2 19. Nxe6 fxe6 20.
Rxa7 Kb8 21. Ra4 Rd8 22. b3 Rdd2 23. Rg4 g6 24. a4 Rb2 25. b4 Re2 26. h3 Rxe3
27. Rf1 Ra3 28. b5 h5 29. Rxg6 Rxa4 30. Rf8+ Ka7 31. Rg5 h4 32. Rf7 Rab4 33.
Rxc7 Rxb5 34. Rg4 R2b4 35. Rh7 Rxg4 36. hxg4 Rg5 37. Rxh4 Rg8 38. Kf2 b5 39.
Kf3 b4 40. Rh6 b3 41. Rxe6 Rb8 42. Re1 Kb7 43. g5 Kc7 44. Kf4 Kd7 45. g6 b2 46.
g7 Rg8 47. Rb1 Rxg7 48. Rxb2 Rg8 49. Kf5 Rf8+ 50. Kg6 Rg8+ 51. Kf7 Rg3 52. Rd2+
Kc7 53. Kf6 Rg8 54. Kf5 Rf8+ 55. Kg4 Rg8+ 56. Kf3 Rf8+ 57. Kg3 Rg8+ 58. Kf2 Kc6
59. g3 Kc5 60. Kf3 Rf8+ 61. Ke4 Re8+ 62. Kf5 Rf8+ 63. Ke6 Rg8 64. Rg2 Rg4 65.
Kf5 Rg8 66. g4 Kd6 67. Kf6 Rf8+ 68. Kg7 Rf4 69. g5 Ke6 70. g6 Rf3 71. Kg8 Kf6
72. g7 Ra3 73. Rf2+ Kg6 74. Rg2+ Kf6 75. Rb2 Ra1 76. Rb6+ Kg5 77. Re6 Kf5 78.
Kf7 Ra8 79. Re8 Ra7+ 80. Re7 1-0

[Event "XXIV Festival A"]
[Site "Arco ITA"]
[Date "2002.10.26"]
[Round "9"]
[White "Rudolf, Anna"]
[Black "Friedrich, Norbert"]
[Result "1/2-1/2"]
[WhiteElo "2100"]
[BlackElo "2296"]
[PlyCount "51"]
[EventDate "2002.10.18"]

1. e4 c5 2. Nf3 Nc6 3. d4 cxd4 4. Nxd4 Nf6 5. Nc3 e5 6. Ndb5 d6 7. Nd5 Nxd5 8.
exd5 Nb8 9. a4 Be7 10. Be2 O-O 11. O-O Nd7 12. Be3 a6 13. Na3 f5 14. f4 exf4
15. Bxf4 Qb6+ 16. Kh1 Qxb2 17. Nc4 Qf6 18. Ra3 Nc5 19. a5 Bd7 20. Nb6 Rad8 21.
Raf3 Ne4 22. Bd3 Be8 23. Be3 Qe5 24. Bf4 Qf6 25. Be3 Qe5 26. Bf4 1/2-1/2

[Event "XXIV Festival A"]
[Site "Arco ITA"]
[Date "2002.10.26"]
[Round "9"]
[White "Svensson, Leif"]
[Black "Trauth, Michael"]
[Result "0-1"]
[WhiteElo "2199"]
[BlackElo "2237"]
[PlyCount "56"]
[EventDate "2002.10.18"]

1. d4 Nf6 2. Nc3 d5 3. e4 dxe4 4. f3 exf3 5. Nxf3 g6 6. Bc4 Bg7 7. O-O O-O 8.
Qe1 Nc6 9. Qh4 Ng4 10. Nd5 b5 11. Bb3 Be6 12. Ng5 h5 13. Nxe6 fxe6 14. Nf4 Nxd4
15. Qe1 Qd6 16. h3 Nxb3 17. axb3 Bd4+ 18. Kh1 Nf2+ 19. Rxf2 Bxf2 20. Qe2 Rxf4
21. Bxf4 Qxf4 22. Rf1 Rf8 23. Qxe6+ Kg7 24. Qxe7+ Rf7 25. Qe2 c6 26. Qe6 Qf6
27. Qe2 Qd4 28. Qe6 Qd5 0-1

[Event "XXIV Festival A"]
[Site "Arco ITA"]
[Date "2002.10.26"]
[Round "9"]
[White "Zucchelli, Massimo"]
[Black "Valenti, Giuseppe"]
[Result "0-1"]
[WhiteElo "2193"]
[BlackElo "2230"]
[PlyCount "110"]
[EventDate "2002.10.18"]

1. Nf3 b6 2. g3 Bb7 3. Bg2 Nf6 4. O-O e6 5. d3 Be7 6. e4 O-O 7. Nbd2 d5 8. e5
Nfd7 9. Re1 c5 10. c3 Nc6 11. Nf1 b5 12. h4 a5 13. N1h2 a4 14. a3 Na5 15. h5
Nb3 16. Rb1 b4 17. h6 g6 18. Ng4 Ba6 19. Qc2 Nb6 20. Bf1 Nxc1 21. Qxc1 bxa3 22.
bxa3 c4 23. d4 Nd7 24. Be2 Qa5 25. Bd1 Rab8 26. Nd2 Bb5 27. Re3 Rb7 28. Bc2
Rfb8 29. Rf3 Qd8 30. Qd1 Ra7 31. Ra1 Qf8 32. Qc1 Bc6 33. Nb1 Rab7 34. Qf4 Rb2
35. Qc1 Qd8 36. Kg2 Bg5 37. Qd1 Qf8 38. Nd2 Bxh6 39. Nxh6+ Qxh6 40. Nf1 Ra8 41.
Ne3 Qg5 42. Rf4 Nxe5 43. Rb1 Rxb1 44. Qxb1 Nd7 45. Qb4 Qd8 46. Qd6 Rc8 47. Rh4
Qf8 48. Qf4 f5 49. g4 Qf6 50. gxf5 exf5 51. Nxf5 Rf8 52. Qg3 Kh8 53. Ne3 Kg7
54. Nf5+ Kh8 55. Ne3 Rg8 0-1

[Event "XIV Festival A"]
[Site "Lucca ITA"]
[Date "2002.10.??"]
[Round "6"]
[White "Abiuso Melo, Diego"]
[Black "Casarosa, Michele"]
[Result "1-0"]
[WhiteElo "2138"]
[BlackElo "1756"]
[PlyCount "49"]
[EventDate "2002.10.12"]

1. e4 c5 2. Nf3 Nc6 3. c3 Nf6 4. e5 Nd5 5. d4 cxd4 6. cxd4 e6 7. a3 d6 8. Bd3
dxe5 9. dxe5 Be7 10. O-O b6 11. Qc2 Bb7 12. Bxh7 Ndb4 13. Qe4 Na5 14. Qg4 Rxh7
15. axb4 Nb3 16. Ng5 Rh6 17. Nxf7 Kxf7 18. Bxh6 gxh6 19. Qh5+ Kg7 20. Ra3 Qd5
21. Qg4+ Kh7 22. Rd1 Rg8 23. Rxd5 Rxg4 24. Rd7 Rxg2+ 25. Kf1 1-0

[Event "XIII C.to NATO"]
[Site "Brest FRA"]
[Date "2002.10.07"]
[Round "1"]
[White "Borchgrevink, Harald"]
[Black "Crapulli, Giuseppe"]
[Result "1-0"]
[WhiteElo "2174"]
[BlackElo "1867"]
[PlyCount "75"]
[EventDate "2002.10.07"]

1. c4 Nf6 2. Nc3 e6 3. g3 d5 4. d4 Be7 5. Bg2 O-O 6. Nf3 c6 7. O-O Nbd7 8. b3
b6 9. Nd2 Bb7 10. e4 dxe4 11. Ndxe4 Nxe4 12. Nxe4 Nf6 13. Bb2 Nxe4 14. Bxe4 Bf6
15. Qc2 g6 16. Rfd1 Qe7 17. a4 a5 18. c5 bxc5 19. Ba3 Rfd8 20. Bxc5 Qc7 21. f4
Rac8 22. b4 axb4 23. a5 Ba6 24. Bb6 Qb7 25. Bxd8 Bxd8 26. Bd3 Be7 27. Bxa6 Qxa6
28. Qd3 Ra8 29. Qe4 Qb5 30. Qe5 Qa6 31. Re1 Rd8 32. Qc7 Bf6 33. Kh1 Rxd4 34.
Ra2 b3 35. Qb8+ Bd8 36. Qxb3 Bxa5 37. Qb8+ Rd8 38. Qe5 1-0

[Event "XIII C.to NATO"]
[Site "Brest FRA"]
[Date "2002.10.07"]
[Round "1"]
[White "Mottais, Francois"]
[Black "Teodonio, Fabrizio"]
[Result "1/2-1/2"]
[WhiteElo "2180"]
[BlackElo "1907"]
[PlyCount "85"]
[EventDate "2002.10.07"]

1. d4 Nf6 2. c4 g6 3. Nc3 Bg7 4. e4 d6 5. f4 Na6 6. Nf3 O-O 7. Be2 Bg4 8. O-O
c6 9. e5 Ne8 10. Ng5 Bxe2 11. Qxe2 e6 12. f5 dxe5 13. fxe6 f6 14. Nf3 Nec7 15.
dxe5 Nxe6 16. exf6 Qxf6 17. Ne4 Qf5 18. Ng3 Nd4 19. Nxd4 Bxd4+ 20. Kh1 Qe5 21.
Bh6 Qxe2 22. Rxf8+ Rxf8 23. Nxe2 Bxb2 24. Rb1 Bg7 25. Bxg7 Kxg7 26. Rxb7+ Rf7
27. Rxf7+ Kxf7 28. Nd4 Nb8 29. Kg1 Kf6 30. Kf2 Ke5 31. Ke3 Kd6 32. Nf3 Kc5 33.
Ng5 h5 34. Kd3 Kd6 35. Nf3 Nd7 36. Kd4 Nc5 37. Nh4 Ne6+ 38. Kc3 g5 39. Nf3 g4
40. Nd4 Nc5 41. Ne2 Ne4+ 42. Kd3 Ke5 43. Ng3 1/2-1/2

[Event "XIII C.to NATO"]
[Site "Brest FRA"]
[Date "2002.10.07"]
[Round "1"]
[White "Tarantino, Silvio"]
[Black "L'Henoret, Thierry"]
[Result "0-1"]
[WhiteElo "1824"]
[BlackElo "2125"]
[PlyCount "100"]
[EventDate "2002.10.07"]

1. e4 e6 2. d4 d5 3. Nc3 Nf6 4. Bg5 Bb4 5. e5 h6 6. exf6 hxg5 7. fxg7 Rg8 8. h4
Nc6 9. h5 Rxg7 10. h6 Rh7 11. Bd3 Rh8 12. h7 Qf6 13. Nge2 Bd7 14. Qd2 O-O-O 15.
Qe3 e5 16. dxe5 Qxe5 17. Qxe5 Nxe5 18. O-O-O c6 19. Ng3 Bd6 20. Bf5 Ng4 21.
Bxd7+ Rxd7 22. Rdf1 Nxf2 23. Rxf2 Bxg3 24. Rf3 Be5 25. Kd1 f6 26. Rfh3 Kd8 27.
Ke2 Bxc3 28. bxc3 Ke8 29. Kf3 Kf7 30. g4 Re7 31. Rh5 Kg6 32. Rh6+ Kg7 33. R6h5
b5 34. Rf1 Kg6 35. Rfh1 Rexh7 36. Rxh7 Rxh7 37. Re1 Rh3+ 38. Kg2 Rxc3 39. Re2
Ra3 40. Re6 c5 41. Re2 Rxa2 42. Kf3 b4 43. Ke3 b3 44. cxb3 Rxe2+ 45. Kxe2 f5
46. gxf5+ Kxf5 47. Kf3 g4+ 48. Ke3 c4 49. b4 g3 50. Kf3 c3 0-1

[Event "XIII C.to NATO"]
[Site "Brest FRA"]
[Date "2002.10.08"]
[Round "2"]
[White "Crapulli, Giuseppe"]
[Black "Cooper, Lawrence H."]
[Result "0-1"]
[WhiteElo "1867"]
[BlackElo "2348"]
[PlyCount "56"]
[EventDate "2002.10.07"]

1. e4 e5 2. Nf3 Nc6 3. Bb5 a6 4. Ba4 Nf6 5. O-O Be7 6. Re1 b5 7. Bb3 O-O 8. c3
d6 9. h3 Na5 10. Bc2 c5 11. d4 Qc7 12. Nbd2 cxd4 13. cxd4 Nc6 14. Nf1 Nxd4 15.
Nxd4 exd4 16. Bb3 Qb6 17. Bg5 h6 18. Bf4 Re8 19. e5 dxe5 20. Bxe5 Bb7 21. Bxd4
Qc6 22. f3 Bb4 23. Rxe8+ Rxe8 24. Rc1 Qd6 25. Bxf6 Qxf6 26. Qd7 Re7 27. Qd8+
Kh7 28. Rc7 Qb6+ 0-1

[Event "XIII C.to NATO"]
[Site "Brest FRA"]
[Date "2002.10.08"]
[Round "3"]
[White "Donati, Roberto"]
[Black "Lebel, Patrick"]
[Result "1/2-1/2"]
[WhiteElo "2216"]
[BlackElo "2183"]
[PlyCount "67"]
[EventDate "2002.10.07"]

1. c4 b6 2. Nc3 Bb7 3. Nf3 e6 4. d4 Bb4 5. a3 Bxc3+ 6. bxc3 Nf6 7. Bg5 h6 8.
Bh4 d6 9. Nd2 Nbd7 10. f3 O-O 11. e4 e5 12. Bd3 Re8 13. O-O g5 14. Bg3 Nf8 15.
Bb1 Ng6 16. Re1 Nf4 17. Nf1 N6h5 18. Ra2 Qf6 19. Ne3 Bc8 20. Nd5 Nxd5 21. exd5
Nxg3 22. hxg3 Bf5 23. Rae2 Kf8 24. dxe5 Rxe5 25. Rxe5 dxe5 26. Bxf5 Qxf5 27.
Qa4 Qf6 28. Qd7 Qd6 29. Qf5 Re8 30. Qh7 Qf6 31. Qe4 Re7 32. Kf2 Qd6 33. Rh1 Kg7
34. Ra1 1/2-1/2

[Event "XIII C.to NATO"]
[Site "Brest FRA"]
[Date "2002.10.08"]
[Round "3"]
[White "Mai, Philipp"]
[Black "Tommasini, Enzo"]
[Result "1-0"]
[WhiteElo "2290"]
[BlackElo "2130"]
[PlyCount "59"]
[EventDate "2002.10.07"]

1. e4 e6 2. d4 d5 3. Nc3 Nf6 4. e5 Nfd7 5. f4 c5 6. Nf3 Nc6 7. Be3 a6 8. Qd2 b5
9. dxc5 Bxc5 10. Bxc5 Nxc5 11. a3 Qb6 12. Bd3 b4 13. axb4 Nxb4 14. Bb5+ Bd7 15.
Bxd7+ Kxd7 16. Rd1 Rac8 17. Qf2 h6 18. O-O Kc7 19. Nd4 g6 20. Kh1 Rhd8 21. Ra1
Kb7 22. Qe2 Rd7 23. Ra3 Kb8 24. Rd1 Rdc7 25. Na4 Nxa4 26. Rxa4 Nxc2 27. Rxa6
Qxb2 28. Nb5 Rc4 29. Rb6+ Ka8 30. Nc7+ 1-0

[Event "XIII C.to NATO"]
[Site "Brest FRA"]
[Date "2002.10.09"]
[Round "4"]
[White "Crapulli, Giuseppe"]
[Black "Nielsen, Henrik Lindholt"]
[Result "1/2-1/2"]
[WhiteElo "1867"]
[BlackElo "2048"]
[PlyCount "37"]
[EventDate "2002.10.07"]

1. e4 c5 2. Nf3 Nc6 3. Bb5 g6 4. O-O Bg7 5. c3 Qb6 6. Ba4 d6 7. h3 Bd7 8. Re1
Nf6 9. d4 O-O 10. d5 Nd8 11. Bxd7 Nxd7 12. Nbd2 Qc7 13. a4 c4 14. Qe2 Rc8 15.
Nf1 b6 16. Be3 Nb7 17. N1d2 Na5 18. Bd4 a6 19. Bxg7 1/2-1/2

[Event "XIII C.to NATO"]
[Site "Brest FRA"]
[Date "2002.10.10"]
[Round "5"]
[White "Keough, Robert W."]
[Black "Falbo, Sandro"]
[Result "1/2-1/2"]
[WhiteElo "2090"]
[BlackElo "2210"]
[PlyCount "108"]
[EventDate "2002.10.07"]

1. e4 c5 2. Nf3 d6 3. d4 cxd4 4. Nxd4 Nf6 5. Nc3 Nc6 6. Bc4 e6 7. Bb3 a6 8. Be3
Qc7 9. Qe2 Bd7 10. O-O-O Be7 11. Rhg1 Nxd4 12. Bxd4 Bc6 13. g4 e5 14. g5 exd4
15. gxf6 Bxf6 16. Nd5 Bxd5 17. Bxd5 Qb6 18. Rd3 Rb8 19. Qf3 Qc7 20. Qf5 Qe7 21.
f4 g6 22. Qh3 Bg7 23. Kb1 Kd8 24. Qg3 Kc7 25. Qe1 Ra8 26. Qb4 Kd8 27. Bxb7 Rb8
28. Qa5+ Qc7 29. Qxc7+ Kxc7 30. Bxa6 Rhe8 31. f5 Rxe4 32. fxg6 fxg6 33. a4 Re3
34. Rf1 Be5 35. h3 Kb6 36. Bb5 Rb7 37. b4 g5 38. Kb2 Ka7 39. Kb3 Rc7 40. Rxe3
dxe3 41. c4 Bg3 42. c5 dxc5 43. bxc5 Rxc5 44. Rf7+ Rc7 45. Rxc7+ Bxc7 46. Kc2
Kb6 47. Kd3 Bf4 48. Ke4 Kc5 49. Kf3 h6 50. Kg4 Kb4 51. h4 Kc3 52. hxg5 hxg5 53.
Kf3 Kd2 54. a5 Bc7 1/2-1/2